Jóra és rosszra való szabadság – a dulakodás szabadsága
Elmentve itt :
| Szerző: | |
|---|---|
| Testületi szerző: | |
| Dokumentumtípus: | Könyv része |
| Megjelent: |
2010
|
| Sorozat: | Lábjegyzetek Platónhoz
8 A szabadság 8 |
| Kulcsszavak: | Szabadság - filozófia |
| Tárgyszavak: | |
| Online Access: | http://acta.bibl.u-szeged.hu/49179 |
| LEADER | 00864naa a2200241 i 4500 | ||
|---|---|---|---|
| 001 | acta49179 | ||
| 005 | 20220107110900.0 | ||
| 008 | 170803s2010 hu o 0|| hun d | ||
| 020 | |a 978 963 88812 0 5 | ||
| 022 | |a 1785 7082 | ||
| 040 | |a SZTE Egyetemi Kiadványok Repozitórium |b hun | ||
| 041 | |a hun | ||
| 100 | 1 | |a Fehér M. István | |
| 245 | 1 | 0 | |a Jóra és rosszra való szabadság – a dulakodás szabadsága |h [elektronikus dokumentum] / |c Fehér M. István |
| 260 | |c 2010 | ||
| 300 | |a 141-168 | ||
| 490 | 0 | |a Lábjegyzetek Platónhoz |v 8 | |
| 490 | 0 | |a A szabadság |v 8 | |
| 650 | 4 | |a Bölcsészettudományok | |
| 650 | 4 | |a Filozófia, etika és vallástudományok | |
| 695 | |a Szabadság - filozófia | ||
| 710 | |a Lábjegyzetek Platónhoz: A szabadság (2009) (Szeged) | ||
| 856 | 4 | 0 | |u http://acta.bibl.u-szeged.hu/49179/1/platonhoz_008_141-168.pdf |z Dokumentum-elérés |